000 00600nmm a2200205Ia 4500
008 251105s9999||||xx |||||||||||||||||und||
020 _a9788416638932
041 _aspa
100 _aNacach, Pablo
245 0 _a¡Fútbol! Mucho más que un juego
264 _a[Madrid, España] :
_bSiruela,
_c2016
300 _a103 páginas
490 _aLas Tres Edades / Nos Gusta Saber
650 _aTeen & Young Adult Non Fiction
700 _aNacach, Pablo
700 1 _a Pascual, María
700 1 _a Del Bosque, Vicente
856 _uhttps://public.digitaliapublishing.com/a/44802
942 _cCF
999 _c69258
_d69258